| 000 | 00655nam a2200217 a 4500 | ||
|---|---|---|---|
| 005 | 20140311163034.0 | ||
| 008 | 101020s19uu xx 00 eng d | ||
| 020 | _a9781412931038 | ||
| 050 |
_aHF 5718 _b.C463 2008 |
||
| 100 | _aChristensen, Lars Thoger | ||
| 245 |
_aCorporate communications : _bconvention, complexity, and critique / _cLars Thoger Christensen |
||
| 260 |
_aLos Angeles : _bSage, _c2008. |
||
| 300 |
_a251 p. : _bill. ; _c25 cm. |
||
| 521 | _aMC | ||
| 650 | _aCommunication in management. | ||
| 650 | _aBusiness communication. | ||
| 700 | _aMorsing, Mette | ||
| 700 | _aCheney, George | ||
| 942 |
_cBK _2lcc _kFOR |
||
| 999 |
_c39657 _d39657 |
||